[Event "DJK Wacker Bergeborbeck 1 - SV Rot-Weiß"]
[Site "Verbandsklasse - Gr. 3 2019/2"]
[Date "2019.09.22"]
[Round "1.8"]
[White "Goertz, Hans"]
[Black "Praßer, Peter"]
[Result "1/2-1/2"]
[WhiteElo "1807"]
[BlackElo "1663"]
[PlyCount "61"]
[EventDate "2019.??.??"]

1. d4 Nf6 2. Nf3 e6 3. g3 g6 4. Bg2 Bg7 5. c4 O-O 6. O-O d5 7. b3 b6 8. Bb2
Nbd7 9. Nc3 Bb7 10. Re1 Re8 11. Qc2 c5 12. Nd2 cxd4 13. Nb5 Nc5 14. Nxd4 e5 15.
N4f3 d4 16. b4 Nce4 17. Ng5 Nd6 18. Bxb7 Nxb7 19. Qb3 h6 20. Nge4 Rc8 21. Rac1
Nd6 22. Nxf6+ Qxf6 23. c5 Nf5 24. Ne4 Qc6 25. Qd3 b5 26. Ra1 Rb8 27. Rec1 a6
28. a3 h5 29. Rd1 Red8 30. h3 Bh6 31. Bc1 1/2-1/2

[Event "SG Mengede 1 - SC Doppelbauer Brambauer"]
[Site "Verbandsklasse - Gr. 3 2019/2"]
[Date "2019.09.22"]
[Round "1.2"]
[White "Delvos, Thorsten"]
[Black "Schulz, Hartmut"]
[Result "1/2-1/2"]
[WhiteElo "1991"]
[BlackElo "2035"]
[PlyCount "28"]
[EventDate "2019.??.??"]

1. c4 f5 2. g3 Nf6 3. Bg2 e6 4. d3 d5 5. Nf3 Bb4+ 6. Nbd2 O-O 7. O-O c6 8. a3
Be7 9. Re1 c5 10. e4 dxe4 11. dxe4 Nc6 12. e5 Ng4 13. Qe2 Nh6 14. b3 Bd7
1/2-1/2

[Event "SG Mengede 1 - SC Doppelbauer Brambauer"]
[Site "Verbandsklasse - Gr. 3 2019/2"]
[Date "2019.09.22"]
[Round "1.3"]
[White "Bracht, Michael"]
[Black "Weinert, Christian"]
[Result "1/2-1/2"]
[WhiteElo "1922"]
[BlackElo "1945"]
[PlyCount "66"]
[EventDate "2019.??.??"]

1. d4 Nf6 2. Nf3 e6 3. g3 b6 4. Bg2 Bb7 5. c3 d6 6. Nbd2 Be7 7. Nc4 Nbd7 8. O-O
O-O 9. a4 a5 10. Re1 Re8 11. Nfd2 Bxg2 12. Kxg2 d5 13. Na3 c6 14. f4 Ne4 15.
Nxe4 dxe4 16. Nc4 f5 17. Qb3 Bf8 18. Be3 Qc7 19. Bf2 Rab8 20. Ne3 g6 21. c4 Bg7
22. Red1 Rbd8 23. Be1 c5 24. d5 e5 25. d6 Qb8 26. Nd5 Qxd6 27. Bc3 Qc6 28. e3
exf4 29. gxf4 Bxc3 30. Qxc3 Kf7 31. Qb3 Re6 32. Nc3 Ree8 33. Nd5 Re6 1/2-1/2

[Event "SG Mengede 1 - SC Doppelbauer Brambauer"]
[Site "Verbandsklasse - Gr. 3 2019/2"]
[Date "2019.09.22"]
[Round "1.4"]
[White "Bork, Sophie"]
[Black "Zimmermann, Dirk"]
[Result "1/2-1/2"]
[WhiteElo "1888"]
[BlackElo "1896"]
[PlyCount "86"]
[EventDate "2019.??.??"]

1. e4 Nf6 2. e5 Nd5 3. c4 Nb6 4. d4 d6 5. exd6 exd6 6. Nc3 Be7 7. Be3 a5 8. Bd3
O-O 9. Nge2 Nc6 10. a3 Re8 11. O-O g6 12. Rb1 Bf6 13. Ne4 Bg7 14. Bg5 f6 15.
Be3 Nd7 16. N2c3 f5 17. Bg5 Nf6 18. Nxf6+ Bxf6 19. Bxf6 Qxf6 20. Nb5 Re7 21.
Bc2 Na7 22. Nc3 Be6 23. c5 d5 24. Bb3 c6 25. Qd2 Nb5 26. Nxb5 cxb5 27. Rfe1 a4
28. Ba2 Bf7 29. Rxe7 Qxe7 30. Re1 Qd7 31. Re5 Re8 32. Qe2 Rxe5 33. Qxe5 Qc6 34.
h3 h6 35. h4 Kh7 36. h5 Qe6 37. hxg6+ Kxg6 38. Qxe6+ Bxe6 39. Bb1 Kg5 40. g3 f4
41. Bd3 Bd7 42. Kg2 Be8 43. Be2 Bd7 1/2-1/2

[Event "SG Mengede 1 - SC Doppelbauer Brambauer"]
[Site "Verbandsklasse - Gr. 3 2019/2"]
[Date "2019.09.22"]
[Round "1.5"]
[White "Jochmann, Christian"]
[Black "Ewers, Christian"]
[Result "1/2-1/2"]
[WhiteElo "1862"]
[BlackElo "1781"]
[PlyCount "83"]
[EventDate "2019.??.??"]

1. e4 c5 2. Nc3 e6 3. Nf3 a6 4. g3 b6 5. Bg2 Bb7 6. O-O Nc6 7. d4 cxd4 8. Nxd4
Qc7 9. b3 Nf6 10. Bb2 Nxd4 11. Qxd4 Bc5 12. Qd3 b5 13. a3 h5 14. b4 Bb6 15. a4
h4 16. axb5 hxg3 17. Qxg3 Qxg3 18. hxg3 O-O 19. bxa6 Rxa6 20. e5 Rxa1 21. Rxa1
Bxg2 22. Kxg2 Ng4 23. Na4 Bc7 24. f4 Ne3+ 25. Kf3 Nc4 26. Bd4 f6 27. exf6 gxf6
28. Nc5 e5 29. Bf2 d5 30. Ne6 Rc8 31. Nxc7 Rxc7 32. Ra7 Nd2+ 33. Ke2 Rxc2 34.
Kd3 Rb2 35. fxe5 fxe5 36. Kc3 Nc4 37. Bc5 Rg2 38. b5 Rxg3+ 39. Kc2 Rg2+ 40. Kc3
Rg3+ 41. Kc2 Rg2+ 42. Kc3 1/2-1/2

[Event "SG Mengede 1 - SC Doppelbauer Brambauer"]
[Site "Verbandsklasse - Gr. 3 2019/2"]
[Date "2019.09.22"]
[Round "1.6"]
[White "Kraus, Reinhard"]
[Black "Deckert, Frank"]
[Result "1-0"]
[WhiteElo "1773"]
[BlackElo "1844"]
[Annotator "Daniel"]
[PlyCount "107"]
[EventDate "2019.??.??"]

1. c4 Nf6 2. g3 e6 3. Bg2 d5 4. Nf3 Be7 5. O-O O-O 6. b3 c5 7. Bb2 Nc6 8. cxd5
Nxd5 9. Nc3 Rb8 10. Rc1 b5 11. Nxd5 exd5 12. Ne5 Bb7 13. Nxc6 Bxc6 14. Ba3 b4
15. Bb2 Bb5 16. d3 Rc8 17. a4 Ba6 18. Re1 $11 Bg5 19. e3 Re8 20. f4 Be7 21. e4
c4 22. dxc4 dxc4 23. bxc4 Bxc4 24. Kh1 a5 25. Qg4 Bf8 26. Red1 Qb6 27. Rd4 Be6
28. Qd1 Bb3 29. Rxc8 Bxd1 30. Rxe8 Bxa4 31. Rc8 Qb7 32. Rdd8 Qe7 33. Rxf8+ Qxf8
34. Rxf8+ Kxf8 35. e5 Bb3 36. Be4 a4 37. Bd4 a3 38. Bc5+ Ke8 39. Bxb4 a2 40.
Bc3 g6 41. Kg2 Ke7 42. Kf3 Bd1+ 43. Ke3 Ke6 44. Kd4 Bb3 45. Bd3 Ke7 46. Bc4 Ba4
47. Bb4+ Ke8 48. Bxa2 Bd7 49. Kc5 Ke7 50. Kd5+ Ke8 51. Kd6 Bf5 52. Bd5 Kf8 53.
Kc7+ Kg7 54. Kd8 1-0

[Event "SG Mengede 1 - SC Doppelbauer Brambauer"]
[Site "Verbandsklasse - Gr. 3 2019/2"]
[Date "2019.09.22"]
[Round "1.7"]
[White "Lojewski, Ralf"]
[Black "Wiktor, Reinhard"]
[Result "1-0"]
[WhiteElo "1873"]
[BlackElo "1781"]
[Annotator "Daniel"]
[PlyCount "47"]
[EventDate "2019.??.??"]

1. d4 d5 2. c4 e6 3. Nc3 c6 4. e3 Nf6 5. Nf3 Be7 6. Qc2 h6 7. Bd3 O-O 8. O-O
Nbd7 9. b3 Re8 10. Bb2 Bd6 11. Rad1 Qe7 12. e4 dxe4 13. Nxe4 Nxe4 14. Bxe4 Nf6
15. Bd3 Bd7 16. Rfe1 Rad8 17. c5 Bb8 18. Qe2 Nd5 19. Bb1 Rf8 20. Qc2 f5 21. Ne5
Qf6 22. a3 Be8 23. b4 a6 24. Rd3 {ZÃo} 1-0

[Event "SG Mengede 1 - SC Doppelbauer Brambauer"]
[Site "Verbandsklasse - Gr. 3 2019/2"]
[Date "2019.09.22"]
[Round "1.8"]
[White "Schmidt, Jonas"]
[Black "Thormann, Olaf"]
[Result "1/2-1/2"]
[WhiteElo "1685"]
[BlackElo "1751"]
[PlyCount "33"]
[EventDate "2019.??.??"]

1. e4 c5 2. Nf3 Nc6 3. Bc4 e6 4. c3 Na5 5. Be2 b6 6. d4 Bb7 7. d5 Nf6 8. Bg5 h6
9. Bxf6 Qxf6 10. e5 Qg6 11. dxe6 Qxe6 12. Nbd2 Be7 13. O-O Rd8 14. Re1 O-O 15.
b3 Qf5 16. Nc4 Bxf3 17. Bxf3 1/2-1/2

[Event "Hervest-Dorstener SK 1 - SV Unser Fritz"]
[Site "Verbandsklasse - Gr. 3 2019/2"]
[Date "2019.09.22"]
[Round "1.1"]
[White "Rutz, Dirk"]
[Black "Tig, Achmet"]
[Result "1-0"]
[WhiteElo "2007"]
[BlackElo "1967"]
[PlyCount "67"]
[EventDate "2019.??.??"]

1. c4 g6 2. Nc3 Bg7 3. g3 c5 4. Bg2 Nc6 5. d3 d6 6. e4 e6 7. Nge2 Nge7 8. O-O
a6 9. f4 O-O 10. Be3 Nd4 11. Qd2 Rb8 12. Rae1 b5 13. g4 f5 14. gxf5 exf5 15. b3
b4 16. Nd5 Nxd5 17. cxd5 Nb5 18. e5 Re8 19. d4 cxd4 20. Nxd4 Nxd4 21. Bxd4 dxe5
22. Bxe5 Bxe5 23. fxe5 Rb5 24. Rf4 a5 25. Rd4 Bb7 26. Bf1 Rc5 27. Bc4 Kg7 28.
h4 h6 29. h5 g5 30. e6 Qd6 31. Rd3 Kh7 32. Qb2 Rxd5 33. Bxd5 Bxd5 34. Qf6 1-0

[Event "Hervest-Dorstener SK 1 - SV Unser Fritz"]
[Site "Verbandsklasse - Gr. 3 2019/2"]
[Date "2019.09.22"]
[Round "1.2"]
[White "Hermanowski, Mark"]
[Black "Mueller, Martin"]
[Result "0-1"]
[WhiteElo "1881"]
[BlackElo "2023"]
[PlyCount "72"]
[EventDate "2019.??.??"]

1. e4 d6 2. f4 d5 3. Nf3 dxe4 4. Ng5 Nf6 5. Bc4 e6 6. Nc3 Be7 7. Qe2 O-O 8. O-O
Nc6 9. Ncxe4 Nxe4 10. Nxe4 Nd4 11. Qd3 b5 12. Bxb5 Nxb5 13. Qxb5 Qd4+ 14. Nf2
Qxf4 15. d3 Qd6 16. Be3 Qd5 17. Qa4 Rb8 18. c4 Qh5 19. Rab1 Bd6 20. h3 f5 21.
c5 Be7 22. Qxa7 Bb7 23. c6 Bxc6 24. Qxc7 Qe8 25. b3 Bd5 26. Qg3 Rf6 27. Qh2 Rg6
28. g4 Bh4 29. Bf4 Ra8 30. Bg3 Bd8 31. Rfe1 fxg4 32. Nxg4 Bb6+ 33. Ne3 Rxa2 34.
Qxa2 Rxg3+ 35. Kh2 Qb8 36. Nxd5 Rg1+ 0-1

[Event "Hervest-Dorstener SK 1 - SV Unser Fritz"]
[Site "Verbandsklasse - Gr. 3 2019/2"]
[Date "2019.09.22"]
[Round "1.3"]
[White "Singbeil, Holger"]
[Black "Nowok, Frank"]
[Result "1/2-1/2"]
[WhiteElo "1929"]
[BlackElo "1865"]
[PlyCount "45"]
[EventDate "2019.??.??"]

1. Nf3 c5 2. c4 Nf6 3. g3 b6 4. Bg2 Bb7 5. Nc3 e6 6. O-O a6 7. b3 Be7 8. Bb2
Qc7 9. Re1 d5 10. cxd5 exd5 11. d4 Nbd7 12. Rc1 Rc8 13. dxc5 bxc5 14. e4 dxe4
15. Ng5 O-O 16. Ngxe4 Rfd8 17. Qc2 Ne5 18. Rcd1 h5 19. Nxf6+ Bxf6 20. Ne4 Bxe4
21. Qxe4 Ng4 22. Bxf6 Nxf6 23. Qc4 1/2-1/2

[Event "Hervest-Dorstener SK 1 - SV Unser Fritz"]
[Site "Verbandsklasse - Gr. 3 2019/2"]
[Date "2019.09.22"]
[Round "1.4"]
[White "Vengels, Joachim"]
[Black "Distelrath, Oliver"]
[Result "1/2-1/2"]
[WhiteElo "1969"]
[BlackElo "1863"]
[PlyCount "125"]
[EventDate "2019.??.??"]

1. c4 e5 2. Nc3 Nc6 3. Nf3 g6 4. d4 exd4 5. Nxd4 Bg7 6. e3 Nge7 7. g3 O-O 8.
Bg2 d6 9. O-O a6 10. h3 Bd7 11. Nde2 Rb8 12. b3 Qc8 13. Kh2 Nd8 14. Bb2 Ne6 15.
Qd2 Qe8 16. Nd5 Bxb2 17. Qxb2 Nxd5 18. cxd5 Nc5 19. b4 Na4 20. Qb3 Bb5 21. Rfe1
c5 22. a3 Qe5 23. Rac1 c4 24. Qa2 h5 25. h4 Qb2 26. Nc3 Rbc8 27. Bf1 Qxa2 28.
Nxa2 Nb2 29. Rc3 Nd3 30. Re2 Ba4 31. f4 Bb3 32. Kg2 Rfe8 33. Nc1 Nxc1 34. Rxc1
c3 35. e4 c2 36. Kf2 Rc3 37. Bg2 Ba4 38. Re3 Rc4 39. e5 Rd4 40. Bf3 Rc8 41.
exd6 Rd8 42. Be4 Rxd6 43. Bxc2 Rc4 44. Bxa4 Rxc1 45. Rd3 b5 46. Bd1 Kf8 47. Ke3
Ke7 48. Bf3 Rd7 49. f5 Kd6 50. Kf4 Ke7 51. fxg6 fxg6 52. Re3+ Kf7 53. Re6 Rf1
54. Re5 Rd6 55. Ke3 Kf6 56. Rg5 Rc1 57. Be4 Kf7 58. Kd4 Rf6 59. Ke5 Rcf1 60.
Kd4 Rd1+ 61. Ke5 Re1 62. Kd4 Rd1+ 63. Ke5 1/2-1/2

[Event "Hervest-Dorstener SK 1 - SV Unser Fritz"]
[Site "Verbandsklasse - Gr. 3 2019/2"]
[Date "2019.09.22"]
[Round "1.5"]
[White "Goessling, Juergen"]
[Black "Buesken, Klaus"]
[Result "0-1"]
[WhiteElo "1745"]
[BlackElo "1820"]
[PlyCount "93"]
[EventDate "2019.??.??"]

1. e4 c5 2. Nf3 e6 3. d4 cxd4 4. c3 d5 5. exd5 Qxd5 6. cxd4 Nf6 7. Nc3 Qa5 8.
Bd2 Be7 9. Rc1 Qd8 10. Bb5+ Bd7 11. Ne5 a6 12. Bd3 Nc6 13. Nxd7 Qxd7 14. Be3
Rd8 15. Qf3 Nb4 16. Bb1 Nbd5 17. O-O Nxc3 18. bxc3 Qd5 19. Qg3 g6 20. f3 Nh5
21. Qf2 O-O 22. Be4 Qd7 23. Rb1 b5 24. Rfd1 Nf6 25. Bh6 Nxe4 26. fxe4 Rfe8 27.
d5 exd5 28. Rxd5 Qe6 29. Rbd1 Rxd5 30. exd5 Qe5 31. Bf4 Qh5 32. Qf3 Qxf3 33.
gxf3 Bc5+ 34. Kf1 Rd8 35. Bg5 Rd7 36. Bf6 Be7 37. Be5 f6 38. Bg3 Kf7 39. Ke2 f5
40. Be5 g5 41. d6 Bf6 42. f4 Bxe5 43. fxe5 Ke6 44. c4 bxc4 45. Rc1 Kxe5 46.
Rxc4 Rxd6 47. Rc5+ 0-1

[Event "Hervest-Dorstener SK 1 - SV Unser Fritz"]
[Site "Verbandsklasse - Gr. 3 2019/2"]
[Date "2019.09.22"]
[Round "1.6"]
[White "Kudsin, Alexander"]
[Black "Prang, Andreas"]
[Result "1-0"]
[WhiteElo "1743"]
[BlackElo "1821"]
[Annotator "Daniel"]
[PlyCount "65"]
[EventDate "2019.??.??"]

1. Nf3 c5 2. c4 Nc6 3. Nc3 g6 4. g3 Bg7 5. Bg2 d6 6. d3 e5 7. Nd5 h6 8. Nd2
Nge7 9. Nc3 O-O 10. O-O Be6 11. e3 Rb8 12. a3 d5 13. cxd5 Nxd5 14. Qc2 Qd7 15.
Nce4 b6 16. Nc4 Rfd8 17. Rd1 Bg4 18. f3 Be6 19. Rb1 Rbc8 20. b3 Qe7 21. Bb2 b5
22. Ncd6 Rxd6 23. Nxd6 Qxd6 24. Qf2 Na5 25. e4 Nb6 26. b4 cxb4 27. axb4 Nc6 28.
f4 Na4 29. Ba1 exf4 30. d4 fxg3 31. hxg3 Bg4 32. Rd2 Qd7 33. Rc1 {Rest
unleserlich!} 1-0

[Event "Hervest-Dorstener SK 1 - SV Unser Fritz"]
[Site "Verbandsklasse - Gr. 3 2019/2"]
[Date "2019.09.22"]
[Round "1.7"]
[White "Nowicki, Heiko"]
[Black "Heiming, Thomas"]
[Result "1/2-1/2"]
[WhiteElo "1775"]
[BlackElo "1831"]
[PlyCount "65"]
[EventDate "2019.??.??"]

1. e4 c5 2. Nf3 Nc6 3. d3 d6 4. Nbd2 Nf6 5. g3 e5 6. Bg2 Be7 7. O-O O-O 8. Nc4
Bd7 9. Bg5 Qc7 10. Ne3 Be6 11. Nh4 h6 12. Bxf6 Bxf6 13. Nhf5 Kh7 14. Nd5 Bxd5
15. exd5 Ne7 16. Ne3 g6 17. h4 Bg7 18. h5 Qd7 19. hxg6+ fxg6 20. Be4 Kg8 21.
Ng2 b5 22. Nh4 Rf6 23. Kg2 Raf8 24. g4 Qb7 25. f3 g5 26. Nf5 Nxf5 27. gxf5 Qd7
28. Qd2 b4 29. c4 Rb8 30. Rh1 Kf7 31. Rh5 Rg8 32. Kg3 Bf8 33. Kg4 1/2-1/2

[Event "Hervest-Dorstener SK 1 - SV Unser Fritz"]
[Site "Verbandsklasse - Gr. 3 2019/2"]
[Date "2019.09.22"]
[Round "1.8"]
[White "Hilger, Fred"]
[Black "Dlouhy, Peter"]
[Result "0-1"]
[WhiteElo "1639"]
[BlackElo "1832"]
[Annotator "Daniel"]
[PlyCount "126"]
[EventDate "2019.??.??"]

1. e4 d6 2. Nf3 Nf6 3. Nc3 g6 4. Bc4 c6 5. e5 dxe5 6. Nxe5 e6 7. d4 Nbd7 8. Bg5
Be7 9. Qf3 Nxe5 10. dxe5 Nd7 11. Bxe7 Qxe7 12. Qe3 Qc5 13. Qxc5 Nxc5 14. b4 Nd7
15. f4 Nb6 16. Bb3 Nd5 17. Nxd5 exd5 $11 18. c4 dxc4 19. Bxc4 a5 20. bxa5 Rxa5
21. Rd1 Ra4 22. Rc1 Ke7 23. g3 Be6 24. Bb3 Bxb3 25. axb3 Rb4 26. Rb1 h5 27. Kd2
h4 28. Rhe1 hxg3 29. hxg3 Rh3 30. Re3 Ke6 31. Kc3 Rxf4 32. gxf4 Rxe3+ 33. Kd4
Rf3 34. Ke4 Rh3 35. b4 Rh4 36. b5 c5 37. Rg1 b6 38. Rd1 g5 39. Rd6+ Ke7 40.
Rxb6 Rxf4+ 41. Kd5 g4 42. Rb7+ Kf8 43. Ra7 g3 44. Ra1 g2 45. Rg1 Rf2 46. Kxc5
Ke7 47. Kc6 Rc2+ 48. Kb7 Ke6 49. Re1 Re2 50. Rg1 Kxe5 51. b6 Kf4 52. Kc7 Kf3
53. b7 Re7+ 54. Kc6 Re8 55. Rb1 Kf2 56. Rb2+ Kg3 57. Rb1 f5 58. Kd7 Rg8 59. Ke6
f4 60. Kf5 f3 61. Ke4 Re8+ 62. Kd3 f2 63. b8=Q+ Rxb8 0-1

[Event "SG Werl-Wickede 1 - SV Waltrop 1"]
[Site "Verbandsliga - Gr. 1 2019/202"]
[Date "2019.10.27"]
[Round "2.1"]
[White "Eckert, Marius"]
[Black "Schwarzkopf, Christian"]
[Result "1/2-1/2"]
[WhiteElo "2125"]
[BlackElo "2062"]
[Annotator "Daniel"]
[PlyCount "58"]
[EventDate "2019.??.??"]

1. d4 d6 2. Bf4 Nf6 3. Nc3 c6 4. e4 Qa5 5. Qd2 Nbd7 6. f3 e5 7. Be3 Be7 8.
O-O-O a6 9. g4 b5 10. Kb1 b4 11. Nce2 O-O 12. g5 Ne8 13. h4 c5 14. dxc5 Nxc5
15. Nc1 Rb8 16. h5 Be6 17. b3 Qc7 $11 18. g6 a5 19. Qh2 Bf6 20. h6 fxg6 21.
hxg7 Bxg7 22. Qxh7+ Kf7 23. Rh6 Rg8 24. Qxg6+ Kf8 25. Bxc5 Bxh6 26. Qxh6+ Kf7
27. Be3 Rg6 28. Qh4 Rc8 29. Qf2 Rxg1 1/2-1/2

[Event "SG Werl-Wickede 1 - SV Waltrop 1"]
[Site "Verbandsliga - Gr. 1 2019/202"]
[Date "2019.10.27"]
[Round "2.2"]
[White "Stolle, Dietmar"]
[Black "Gasper, Joern"]
[Result "0-1"]
[WhiteElo "2016"]
[BlackElo "2071"]
[PlyCount "126"]
[EventDate "2019.??.??"]

1. c4 c6 2. d4 d5 3. Nf3 Nf6 4. Nc3 a6 5. a4 g6 6. g3 Bg7 7. Bg2 O-O 8. O-O
dxc4 9. Ne5 Be6 10. e4 Nbd7 11. f4 Nxe5 12. fxe5 Bg4 13. Qd2 Ne8 14. Qf4 Qxd4+
15. Be3 Qd7 16. Rf2 Qe6 17. Bd4 Rd8 18. Bb6 Bxe5 19. Qh6 Rd3 20. h3 Bxc3 21.
bxc3 Rd1+ 22. Rxd1 Bxd1 23. Rd2 Bxa4 24. Rd8 Bc2 25. Bd4 f6 26. Qf4 g5 27. Qb8
Qf7 28. Qxb7 Nd6 29. Rxf8+ Kxf8 30. Qxc6 Qg6 31. e5 Be4 32. Qxa6 fxe5 33. Bxe5
Bxg2 34. Bxd6 Qxd6 35. Qc8+ Kg7 36. Kxg2 Qd2+ 37. Kh1 Qe1+ 38. Kg2 Qd2+ 39. Kh1
Qxc3 40. Qg4 Qe1+ 41. Kh2 Qd2+ 42. Kh1 c3 43. Qe4 Qd6 44. Qe1 Qd5+ 45. Kg1 Qc5+
46. Kg2 c2 47. Qc1 h6 48. Qa1+ e5 49. Qc1 Qd5+ 50. Kf2 Qd4+ 51. Ke2 Qd1+ 52.
Qxd1 cxd1=Q+ 53. Kxd1 Kf6 54. Ke2 e4 55. g4 Ke5 56. Ke3 Kd5 57. Ke2 Kd4 58. Kd2
e3+ 59. Ke1 Kd3 60. Kd1 e2+ 61. Ke1 Ke3 62. h4 gxh4 63. g5 h3 0-1

[Event "SG Werl-Wickede 1 - SV Waltrop 1"]
[Site "Verbandsliga - Gr. 1 2019/202"]
[Date "2019.10.27"]
[Round "2.3"]
[White "Breidenbach, Rolf"]
[Black "Beulertz, Stefan"]
[Result "1/2-1/2"]
[WhiteElo "1921"]
[BlackElo "2056"]
[PlyCount "95"]
[EventDate "2019.??.??"]

1. d4 e6 2. Nf3 c5 3. c3 d5 4. Bf4 Nf6 5. e3 Nc6 6. Nbd2 Bd6 7. Bg3 O-O 8. Bd3
Re8 9. Ne5 Qc7 10. f4 b6 11. Bh4 Be7 12. Bxf6 Bxf6 13. Nxc6 Qxc6 14. Nf3 a5 15.
Qe2 Qd6 16. Ne5 c4 17. Bxh7+ Kf8 18. Bc2 b5 19. a3 Ke7 20. Qh5 Rf8 21. g4 Bb7
22. g5 Bxe5 23. fxe5 Qb6 24. O-O Bc6 25. g6 f5 26. exf6+ gxf6 27. Qh7+ Kd6 28.
g7 Rg8 29. Rxf6 Qd8 30. Qg6 Qe7 31. Rf7 Qh4 32. Rf4 Qh3 33. Qg3 Qxg3+ 34. hxg3
Rxg7 35. Kf2 Rh8 36. Rg1 Rh2+ 37. Rg2 Rh1 38. g4 Be8 39. e4 Bg6 40. e5+ Ke7 41.
Bxg6 Rxg6 42. Kg3 Rgh6 43. Rff2 R1h3+ 44. Kf4 Rh7 45. g5 R7h4+ 46. Rg4 Rh8 47.
Rgg2 R8h4+ 48. Rg4 1/2-1/2

[Event "SG Werl-Wickede 1 - SV Waltrop 1"]
[Site "Verbandsliga - Gr. 1 2019/202"]
[Date "2019.10.27"]
[Round "2.4"]
[White "Lampe, Thomas"]
[Black "Drewes, Martin"]
[Result "0-1"]
[WhiteElo "1919"]
[BlackElo "1920"]
[PlyCount "46"]
[EventDate "2019.??.??"]

1. e4 e5 2. f4 exf4 3. Nf3 g5 4. h4 g4 5. Ne5 Nf6 6. Nxg4 Nh5 7. Bc4 Ng3 8. Rh3
Qe7 9. d3 Qc5 10. Qf3 Qg1+ 11. Kd2 d5 12. Rxg3 fxg3 13. Bxd5 Be6 14. Bxb7 Bxg4
15. Qxg4 Bh6+ 16. Kc3 Qc5+ 17. Kb3 Na6 18. a3 Qb5+ 19. Kc3 Qxb7 20. Bxh6 Qc6+
21. Kb3 Rb8+ 22. Ka2 Qxc2 23. Qg7 Qb3# 0-1

[Event "SG Werl-Wickede 1 - SV Waltrop 1"]
[Site "Verbandsliga - Gr. 1 2019/202"]
[Date "2019.10.27"]
[Round "2.5"]
[White "Atali, Dogukan"]
[Black "Vieweger, Torsten"]
[Result "1-0"]
[WhiteElo "1839"]
[BlackElo "1903"]
[PlyCount "65"]
[EventDate "2019.??.??"]

1. e4 e6 2. d4 d5 3. Nc3 Bb4 4. e5 c5 5. a3 Bxc3+ 6. bxc3 Ne7 7. Nf3 Bd7 8. Bd3
Ba4 9. Bd2 Qc7 10. Qb1 c4 11. Be2 Nbc6 12. O-O O-O-O 13. Bf4 h6 14. h3 g5 15.
Bh2 Rdg8 16. Ne1 h5 17. g4 hxg4 18. Bxg4 Ng6 19. Ng2 Qe7 20. f4 gxf4 21. Bxf4
Nxf4 22. Rxf4 Rg7 23. Rf6 Qe8 24. Qd1 Qg8 25. Qf3 Bxc2 26. Rf1 Be4 27. Qf4 Nd8
28. Rh6 Rxh6 29. Qxh6 Bf5 30. Ne3 Bd3 31. Rf4 Kc7 32. Nxd5+ Kb8 33. Nf6 1-0

[Event "SG Werl-Wickede 1 - SV Waltrop 1"]
[Site "Verbandsliga - Gr. 1 2019/202"]
[Date "2019.10.27"]
[Round "2.6"]
[White "Scheibe, Andreas"]
[Black "Sehrbrock, Christoph"]
[Result "0-1"]
[WhiteElo "1799"]
[BlackElo "1811"]
[PlyCount "52"]
[EventDate "2019.??.??"]

1. c4 e5 2. g3 Nf6 3. Nc3 c6 4. d4 exd4 5. Qxd4 d5 6. Bg2 dxc4 7. Qxd8+ Kxd8 8.
Nf3 Be6 9. O-O Nbd7 10. Rd1 Bb4 11. Bg5 Ke7 12. Nd4 Rac8 13. Rac1 h6 14. Nxe6
fxe6 15. Bd2 Rhd8 16. e4 Kf7 17. Be3 Bc5 18. Bxc5 Nxc5 19. e5 Ng4 20. f4 Ne3
21. Rxd8 Rxd8 22. Ne4 Nxe4 23. Bxe4 Rd1+ 24. Rxd1 Nxd1 25. b3 c3 26. Kf1 c2 0-1

[Event "SG Werl-Wickede 1 - SV Waltrop 1"]
[Site "Verbandsliga - Gr. 1 2019/202"]
[Date "2019.10.27"]
[Round "2.7"]
[White "Schmidt, Sebastian"]
[Black "Huegel, Guido"]
[Result "0-1"]
[WhiteElo "1690"]
[BlackElo "1780"]
[PlyCount "118"]
[EventDate "2019.??.??"]

1. e4 d5 2. exd5 Qxd5 3. Nf3 Nf6 4. d4 Bg4 5. Be2 e6 6. O-O Be7 7. c4 Qd8 8.
Qb3 Qc8 9. Rd1 c6 10. Nc3 O-O 11. h3 Bh5 12. Bf4 Nbd7 13. Rac1 Rd8 14. Rd2 Nf8
15. Qd1 Bb4 16. Ne5 Bxe2 17. Qxe2 Bd6 18. c5 Be7 19. b4 Ng6 20. Bh2 Nd5 21.
Nxd5 Rxd5 22. Rb1 Qd8 23. Qe3 Bg5 24. f4 Nxe5 25. Qc3 Bh6 26. g4 Rxd4 27. Rxd4
Qxd4+ 28. Qxd4 Nf3+ 29. Kf2 Nxd4 30. g5 Rd8 31. gxh6 Nf5 32. Ke2 Nxh6 33. b5 g6
34. bxc6 bxc6 35. Rb7 Rd5 36. Rxa7 Rxc5 37. Bg1 Rd5 38. Ra8+ Kg7 39. a4 Nf5 40.
a5 Nd4+ 41. Ke3 Nb5 42. Ke4 Nd6+ 43. Kf3 Rd3+ 44. Ke2 Rxh3 45. a6 Ra3 46. Bc5
Ra2+ 47. Kd3 Nb5 48. a7 Ra4 49. Ke3 Kf6 50. Rc8 Nxa7 51. Ra8 Ra5 52. Bd4+ Kf5
53. Rxa7 Rxa7 54. Bxa7 e5 55. fxe5 Kxe5 56. Bb6 g5 57. Ba7 h5 58. Bb6 Kf5 59.
Kf3 h4 0-1

[Event "SG Werl-Wickede 1 - SV Waltrop 1"]
[Site "Verbandsliga - Gr. 1 2019/202"]
[Date "2019.10.27"]
[Round "2.8"]
[White "Zimmer, Sebastian"]
[Black "Neumann, Robert"]
[Result "0-1"]
[WhiteElo "1713"]
[BlackElo "1800"]
[PlyCount "92"]
[EventDate "2019.??.??"]

1. e4 e5 2. Bc4 Nf6 3. Nf3 Nc6 4. Ng5 d5 5. exd5 Na5 6. Bb5+ c6 7. dxc6 bxc6 8.
Qf3 Qd5 9. Qxd5 Nxd5 10. Be2 Be7 11. d3 f6 12. Nf3 c5 13. Bd2 Nc6 14. a3 Rb8
15. b3 Be6 16. Nc3 O-O 17. O-O g5 18. Nxd5 Bxd5 19. Be3 g4 20. Nd2 f5 21. f4
Nd4 22. Bd1 Bf6 23. Nc4 e4 24. Rb1 Bxc4 25. dxc4 a5 26. c3 Ne6 27. Bd2 Rfd8 28.
Be1 Rd3 29. Bc2 Rxc3 30. Bxc3 Bxc3 31. g3 Nd4 32. Rfc1 Bd2 33. Rd1 Be3+ 34. Kf1
Nxc2 35. Rd5 Bd4 36. Ke2 Ne3 37. Rxd4 cxd4 38. c5 Nd5 39. Rb2 Rb5 40. c6 Rc5
41. b4 axb4 42. axb4 Rxc6 43. b5 d3+ 44. Kd2 Rc2+ 45. Rxc2 dxc2 46. Kxc2 Kf7
0-1

[Event "SV Eichlinghofen 1 - Weiße Dame Borbeck"]
[Site "Verbandsliga - Gr. 1 2019/202"]
[Date "2019.10.27"]
[Round "2.1"]
[White "Loyen, Egbert"]
[Black "Watzlawek, Markus"]
[Result "1-0"]
[WhiteElo "2184"]
[BlackElo "2088"]
[PlyCount "65"]
[EventDate "2019.??.??"]

1. e4 c5 2. Nf3 e6 3. g3 b6 4. Bg2 Bb7 5. Qe2 d6 6. d4 cxd4 7. Nxd4 Nf6 8. O-O
a6 9. Rd1 Qc7 10. c4 Nbd7 11. b3 Be7 12. Bb2 O-O 13. Nc3 Rfe8 14. Rac1 Rad8 15.
a4 Nc5 16. b4 Ncd7 17. Nb3 Rc8 18. Nb1 Qb8 19. a5 Qa8 20. N1d2 Bc6 21. b5 Bb7
22. axb6 axb5 23. Ra1 Qb8 24. cxb5 Rc2 25. Bd4 e5 26. Be3 Rec8 27. Na5 Ba8 28.
Nc6 Bxc6 29. bxc6 R2xc6 30. Bh3 Rd8 31. Qb5 Rc2 32. Ra7 h5 33. Bxd7 1-0

[Event "SV Eichlinghofen 1 - Weiße Dame Borbeck"]
[Site "Verbandsliga - Gr. 1 2019/202"]
[Date "2019.10.27"]
[Round "2.2"]
[White "Brockmann, Michael"]
[Black "Hillenbrand, Michael"]
[Result "0-1"]
[WhiteElo "2014"]
[BlackElo "2081"]
[PlyCount "32"]
[EventDate "2019.??.??"]

1. d4 g6 2. c4 Bg7 3. Nc3 d6 4. e4 c6 5. Be3 a6 6. c5 dxc5 7. dxc5 Qa5 8. Qc2
Nf6 9. Rb1 Nxe4 10. Qxe4 Bf5 11. Qf4 Bxc3+ 12. bxc3 Bxb1 13. Bd4 f6 14. Bc4
Bxa2 15. Bxf6 Rf8 16. Qd2 Bxc4 0-1

[Event "SV Eichlinghofen 1 - Weiße Dame Borbeck"]
[Site "Verbandsliga - Gr. 1 2019/202"]
[Date "2019.10.27"]
[Round "2.3"]
[White "Klasmeier, Jens"]
[Black "Dreier, Daniel"]
[Result "1-0"]
[WhiteElo "2058"]
[BlackElo "1873"]
[PlyCount "97"]
[EventDate "2019.??.??"]

1. e4 e5 2. Nf3 d5 3. exd5 Bd6 4. Qe2 Nf6 5. Nc3 O-O 6. d3 c6 7. Bg5 Bb4 8. Nd2
cxd5 9. Qf3 Nc6 10. Bxf6 gxf6 11. Nxd5 Bxd2+ 12. Kxd2 f5 13. Ne3 Qf6 14. h4 Kh8
15. Qh5 e4 16. Qg5 Qxb2 17. Rb1 Qg7 18. Qxg7+ Kxg7 19. g3 Kf6 20. Bg2 Rd8 21.
Rb5 a6 22. Rb6 Rd4 23. Rhb1 Be6 24. Rxb7 Rad8 25. Ke1 Ne5 26. dxe4 fxe4 27.
R7b4 Kg7 28. Bxe4 Nc4 29. Bd3 Ne5 30. Rxd4 Rxd4 31. Nf5+ Bxf5 32. Bxf5 Ra4 33.
Ra1 Nf3+ 34. Kf1 h6 35. Bd3 Kf6 36. Kg2 Ne5 37. Be2 a5 38. Bb5 Rb4 39. a4 Rb2
40. Rc1 Ke6 41. f4 Ng4 42. Kf3 f5 43. Bc4+ Kd6 44. Bb3 Nf6 45. Rd1+ Kc5 46. Ke3
Kb4 47. Kd4 Nd7 48. Kd5 Nc5 49. Rd4+ 1-0